| Tag |
First Indicator |
Second Indicator |
Subfields |
| LEADER |
00000cam a2200000 4500 |
| 001 |
in00000048852 |
| 005 |
20151007075711.0 |
| 008 |
761018s1935 caua b 00010 engm |
| 010 |
|
|
|a 35009248
|
| 035 |
|
|
|a (OCoLC)02509257
|
| 035 |
|
|
|9 AAF3682AM
|
| 040 |
|
|
|a DLC
|c VYL
|d TXA
|d UtOrBLW
|
| 049 |
|
|
|a TXAM
|c [92099]
|
| 050 |
0 |
0 |
|a QL683
|b .D55
|
| 082 |
0 |
|
|a 598.2979
|
| 092 |
|
|
|a 598.2979
|b D551f
|
| 100 |
1 |
|
|a Dickey, Florence Van Vechten Murphy.
|
| 245 |
1 |
0 |
|a Familiar birds of the Pacific Southwest :
|b with size and color key /
|c by Florence Van Vechten Dickey ... illustrated with 102 full color reproductions from photographs chiefly by Donald R. Dickey.
|
| 264 |
|
1 |
|a Stanford University, Calif. :
|b Stanford university press;
|a London :
|b H. Milford, Oxford university press,
|c [1935]
|
| 264 |
|
4 |
|c [©1935]
|
| 300 |
|
|
|a 3 preliminary leaves, ix-lviii, 241 pages :
|b illustrations (part color) ;
|c 18 cm.
|
| 336 |
|
|
|a text
|b txt
|2 rdacontent
|
| 337 |
|
|
|a unmediated
|b n
|2 rdamedia
|
| 338 |
|
|
|a volume
|b nc
|2 rdacarrier
|
| 500 |
|
|
|a "First edition."
|
| 504 |
|
|
|a Short bibliography included in the preface.
|
| 650 |
|
0 |
|a Birds
|z Pacific Coast.
|
| 999 |
|
|
|a MARS
|
| 999 |
f |
f |
|s edfd2479-32e8-308a-b1eb-617f73aec10c
|i beb6b44e-b584-3cb9-a425-b7c20ae97b1b
|t 0
|
| 952 |
f |
f |
|p ric
|a Texas A&M University
|b Rellis Campus
|c Joint Library Facility
|d Remote Storage
|t 0
|e QL683 .D55
|h Library of Congress classification
|i unmediated -- volume
|m A14801023561
|
| 998 |
f |
f |
|a QL683 .D55
|t 0
|l Remote Storage
|